Špecifiká akciových trhov krajín V4 habilitačná prednáška : študijný odbor Ekonomika a manažment podniku

Saved in:
Bibliographic Details
Main Author: Baumöhl, Eduard, 1982-
Corporate Author: Ekonomická univerzita v Bratislave. Podnikovohospodárska fakulta so sídlom v Košiciach
Format: Book
Language:Slovak
Published: Bratislava Vydavateľstvo EKONÓM 2013
Edition:1. vyd.
Series:Habilitačné a inauguračné prednášky
Subjects:
Tags: Add Tag
No Tags, Be the first to tag this record!

MARC

LEADER 00000nam a2200000 4500
001 0178564
005 20240318125940.8
020 |a 978-80-225-3711-7 
041 0 |a slo 
044 |a SK 
245 1 0 |a Špecifiká akciových trhov krajín V4  |b habilitačná prednáška : študijný odbor Ekonomika a manažment podniku  |c Eduard Baumöhl 
250 |a 1. vyd. 
264 1 |a Bratislava  |b Vydavateľstvo EKONÓM  |c 2013 
300 |a 26 s. 
490 1 |a Habilitačné a inauguračné prednášky 
830 0 |a Habilitačné a inauguračné prednášky 
610 2 0 |a trh akciový 
100 1 |a Baumöhl, Eduard, 1982- 
710 2 |a Ekonomická univerzita v Bratislave. Podnikovohospodárska fakulta so sídlom v Košiciach